[Event "Unterfranken-ch HT 55th"]
[Site "Bad Koenigshofen"]
[Date "2004.04.15"]
[Round "5"]
[White "Mueller, Niklas"]
[Black "Barthel, Andre"]
[Result "1-0"]
[WhiteElo "1066"]
[BlackElo "1039"]
[PlyCount "89"]
[EventDate "2004.04.12"]
[EventType "swiss"]
[EventRounds "9"]
[EventCountry "GER"]
[SourceTitle "EXT 2015"]
[Source "ChessBase"]
[SourceDate "2014.11.20"]
[SourceVersion "1"]
[SourceVersionDate "2014.11.20"]
[SourceQuality "1"]

1. e4 e5 2. Nf3 Nc6 3. Nc3 Bc5 4. Nxe5 Nxe5 5. d4 Bxd4 6. Qxd4 Qf6 7. Nd5 Nf3+ 8. gxf3 Qxd4 9. Nxc7+ Kf8 10. Nxa8 Qd6 11. Bd2 Qb8 12. 0-0-0 Qxa8 13. Bh3 b6 14. Rhg1 d6 15. Bxc8 Qxc8 16. Bc3 f6 17. Rxd6 Qc5 18. Rd8+ Ke7 19. Rd2 Qh5 20. Bb4+ Kf7 21. Rd7+ Ke8 22. Rxa7 g5 23. f4 Qxh2 24. Rd1 Qxf4+ 25. Kb1 Qxe4 26. a3 Qe6 27. Rd6 Qc8 28. Rd3 Qb8 29. Re3+ Kd8 30. Rd3+ Kc8 31. Rf7 Nh6 32. Rc3+ Kd8 33. Rd3+ Kc8 34. Rc3+ Kd8 35. Rd3+ Ke8 36. Re7+ Kf8 37. Rb7+ Kg8 38. Rxb8+ Kg7 39. Rb7+ Kg6 40. Rxb6 Ng4 41. Bc3 Rf8 42. Bb4 Re8 43. f3 Ne5 44. Re3 Rd8 45. Rxe5 1-0

[Event "Unterfranken-ch HT 55th"]
[Site "Bad Koenigshofen"]
[Date "2004.04.14"]
[Round "4"]
[White "Barthel, Andre"]
[Black "Mueller, Maximilian2"]
[Result "0-1"]
[WhiteElo "1039"]
[BlackElo "1006"]
[PlyCount "50"]
[EventDate "2004.04.12"]
[EventType "swiss"]
[EventRounds "9"]
[EventCountry "GER"]
[SourceTitle "EXT 2015"]
[Source "ChessBase"]
[SourceDate "2014.11.20"]
[SourceVersion "1"]
[SourceVersionDate "2014.11.20"]
[SourceQuality "1"]

1. c4 e5 2. Nc3 Bc5 3. g3 Qf6 4. e3 d6 5. Nd5 Qd8 6. Bg2 Nc6 7. Ne2 Nf6 8. Nec3 0-0 9. Nxf6+ Qxf6 10. Nd5 Qd8 11. b3 Bf5 12. Bb2 Qc8 13. d4 exd4 14. exd4 Bb4+ 15. Nxb4 Nxb4 16. d5 Re8+ 17. Kf1 Bh3 18. Qd4 Qg4 19. Bxh3 Qxh3+ 20. Kg1 f6 21. c5 Nc2 22. Qd1 Nxa1 23. Bxa1 dxc5 24. d6 cxd6 25. Qxd6 Re1# 0-1

[Event "Unterfranken-ch HT 55th"]
[Site "Bad Koenigshofen"]
[Date "2004.04.12"]
[Round "2"]
[White "Weikert, Benedikt"]
[Black "Barthel, Andre"]
[Result "1-0"]
[WhiteElo "1514"]
[BlackElo "1039"]
[PlyCount "43"]
[EventDate "2004.04.12"]
[EventType "swiss"]
[EventRounds "9"]
[EventCountry "GER"]
[SourceTitle "EXT 2015"]
[Source "ChessBase"]
[SourceDate "2014.11.20"]
[SourceVersion "1"]
[SourceVersionDate "2014.11.20"]
[SourceQuality "1"]

1. d4 d5 2. c4 dxc4 3. e3 e6 4. Nc3 Nf6 5. Bxc4 Nd5 6. Nf3 Bb4 7. Bd2 0-0 8. 0-0 Nc6 9. Qc2 Qd6 10. Ne4 Qe7 11. Rac1 a6 12. Bxd5 exd5 13. Neg5 g6 14. Bxb4 Qxb4 15. Ne1 Bf5 16. Qc3 Qxc3 17. Rxc3 Rac8 18. Nd3 Bxd3 19. Rxd3 Nb4 20. Rb3 a5 21. a3 a4 22. Rxb4 1-0

[Event "Unterfranken-ch HB 53th"]
[Site "Wuerzburg"]
[Date "2002.??.??"]
[Round "6"]
[White "Kirchenmayer, Thomas"]
[Black "Barthel, Andre"]
[Result "1/2-1/2"]
[WhiteElo "1325"]
[BlackElo "1064"]
[PlyCount "103"]
[EventDate "2002.04.01"]
[EventType "swiss"]
[EventRounds "9"]
[EventCountry "GER"]
[SourceTitle "EXT 2015"]
[Source "ChessBase"]
[SourceDate "2014.11.20"]
[SourceVersion "1"]
[SourceVersionDate "2014.11.20"]
[SourceQuality "1"]

1. c4 e5 2. Nc3 Nc6 3. d3 Nf6 4. g3 Bc5 5. e3 Qe7 6. Bd2 Qe6 7. Bg2 a6 8. Nd5 Qd6 9. Ne2 Ne7 10. 0-0 Nexd5 11. cxd5 Nxd5 12. e4 Nf6 13. a3 Qxd3 14. Nc3 0-0 15. Qe2 Qxe2 16. Nxe2 b6 17. b4 Be7 18. Rac1 c5 19. bxc5 Bxc5 20. Bb4 d6 21. Nc3 Bxb4 22. axb4 Bb7 23. Rfe1 Rfd8 24. Rcd1 Rac8 25. Re3 a5 26. bxa5 bxa5 27. Rb1 Ba8 28. Rb6 Rc6 29. Rb5 Ra6 30. Rb3 Rc6 31. Ra3 Rc5 32. Na4 Rc1+ 33. Bf1 Nxe4 34. Red3 Rb8 35. Nc3 Nxc3 36. Raxc3 Rxc3 37. Rxc3 h6 38. Ra3 Rb1 39. f3 a4 40. Rxa4 Bb7 41. Ra3 e4 42. fxe4 Bxe4 43. Kf2 Bd5 44. Rc3 Rb2+ 45. Kg1 Be6 46. Rd3 d5 47. Bg2 Rb1+ 48. Kf2 Rb2+ 49. Kg1 Rb5 50. Kf2 f6 51. Rd4 Kf7 52. h4 1/2-1/2

[Event "Unterfranken-ch HB 53th"]
[Site "Wuerzburg"]
[Date "2002.??.??"]
[Round "2"]
[White "Voelker, Joachim"]
[Black "Barthel, Andre"]
[Result "1-0"]
[WhiteElo "1616"]
[BlackElo "1064"]
[PlyCount "62"]
[EventDate "2002.04.01"]
[EventType "swiss"]
[EventRounds "9"]
[EventCountry "GER"]
[SourceTitle "EXT 2015"]
[Source "ChessBase"]
[SourceDate "2014.11.20"]
[SourceVersion "1"]
[SourceVersionDate "2014.11.20"]
[SourceQuality "1"]

1. e4 e5 2. Bc4 Bc5 3. Nc3 d6 4. d3 Nf6 5. Na4 b6 6. Nxc5 bxc5 7. h3 0-0 8. Ne2 Nc6 9. c3 Na5 10. Bb5 Rb8 11. Ba4 c4 12. Ng3 Ba6 13. d4 exd4 14. Qxd4 c5 15. Qd1 Bb5 16. Bc2 Re8 17. 0-0 Bc6 18. Re1 d5 19. exd5 Rxe1+ 20. Qxe1 Qxd5 21. f3 Re8 22. Qf2 Qe5 23. Bd2 Nh5 24. Nxh5 Qxh5 25. Re1 Rxe1+ 26. Qxe1 Nb7 27. Qg3 Qd5 28. Bh6 g6 29. Qb8+ Qd8 30. Qe5 f6 31. Qe6+ Kh8 1-0